000 00563nam a2200169 a 4500
001 000030258
005 20200930060157.0
008 110505s2011 dr ac 000 0 spa d
040 _aDO-SdBNP
_bspa
_cBNPHU
082 _axxx
_bG643
100 1 _aGonzález, Chuchy,
_d1945-
_956939
245 1 0 _aJazz :
_bDesde el Mississippi hasta perdido /
_cChuchy González.
260 _aSanto Domingo :
_b[s.n],
_c2011.
300 _a101 p. :
_bil., retrs. ;
_c28 cm.
500 _aFotografía y ensayo en homenaje a los pioneros itinerantes en la vida del jazz
049 _aBNPD
999 _c29750
_d29750